| 000 | 00755nam0a22002411 4500 | ||
|---|---|---|---|
| 001 | rc\139379 | ||
| 005 | 20260406123610.0 | ||
| 010 |
_a5-7841-0258-3 _920000 |
||
| 035 | _a(NLR Aleph) 005411339 | ||
| 090 |
_a7377163 _c7377163 |
||
| 100 | _a20030307d1997 |||y0rusy50 ca | ||
| 101 | 0 | _arus | |
| 102 | _aRU | ||
| 105 | _ay ||||||||| | ||
| 200 | 1 |
_aБрак на небесах _fБарбара Картленд _g[Перевод с англ. Е.С. Шерра] |
|
| 210 |
_aМ. _aНазрань _cАСТ _d1997 |
||
| 215 |
_a270 с. _d17 |
||
| 700 | 1 |
_4070 _8rus _7ca _aКартланд _bБ. _f1901-2000 _gБарбара _3RU\NLR\auth\77841 _9110879 |
|
| 801 | 0 |
_aRU _bNLR _gpsbo |
|
| 801 | 1 |
_aRU _bELAR _2rusmarc |
|
| 852 |
_aNLR _j97-2/618 |
||
| 942 | _cBOOK | ||
| 980 | _aNB | ||